000 02558nam a22003377a 4500
001 1724
003 FISKH
005 20231003161202.0
008 230920b cb ||||| |||| 00| 0 khr d
020 _a9789924341253
040 _aFISKH
_beng
_cFISKH
_dFISKH
082 _a902
100 _aYeong, Ye
245 _a100 ហេតុការណ៍នៃប្រវត្តិសាស្រ្តពិភពលោក /
_bពីភាពរុងរឿងនៃចក្រភពប៊ីសង់តាំង រហូតដល់ការបង្កើតរាជ្យវង្សយ័ន :
_cនិពន្ធដោយ យេ យ៉ង, ស៊ីន ជេហ្វាន់ និង ឆាន់ ដុងហូ - គូររូបដោយ ស៊ីន ជេហ្វាន់ និង ឆង់ ដុហូ - បកប្រែពីភាសាកូរ៉េដោយ ទូច វណ្ដា
260 _aPhnom Penh :
_bSipar,
_c2021.
300 _a111 pages :
_bcolor illustrations ;
_c23 cm
490 _aខ្ញុំចង់ដឹង
_v3
505 _aZ'
520 _aនៅក្នុងផ្នែកទី 3 នៃរូបភាពថ្លុកកំប្លែងនេះ មិត្តអ្នកអាននឹងបានស្គាល់ពីកូដទីមួយដែលបង្កើតឡើងដោយចក្រភពរ៉ូម នយោបាយរបស់អធិរាជជាច្រើននៃប្រទេសចិន កំណើតនៃសាសនាឥស្លាម ប្រព័ន្ធសក្តិភូមិនៅអឺរ៉ុប ព្រមទាំងសង្រ្គាមសាសនាដែលបានកើតឡើងនៅមជ្ឈិមសម័យ អឺរ៉ុប។
520 _aIn this 3rd part of the series, the readers will get to know the first code established by the Roman Empire, the politics of many emperors of China, the birth of Islam, the feudal system in Europe, as well as the religious war that took place in medieval Europe.
521 8 _a1060
_bLexile estimate
521 8 _aZ'
_bRaz-Plus
650 _aកូដទីមួយ
_vចក្រភពរ៉ូម
_xប្រព័ន្ធសក្តិភូមិ
650 _aFirst code
_vRoman empire
_xFeudal system
700 _aJae-hwan, shin
_eAuthor
700 _aDong-ho, Jeong
_eAuthor
700 _aJae-hwan, shin
_eillustrator
700 _aDong-ho, Jeong
_eillustrator
700 _aVanda, Touch
_eTranslator
942 _2ddc
_cKHB
_n0
999 _c1724
_d1724